| 000 | 00917nac a22002897a 4500 | ||
|---|---|---|---|
| 001 | BR0803476 | ||
| 003 | BR-BrBNA | ||
| 005 | 20240105123605.0 | ||
| 008 | 230509b bl.|||m| |||| 00| 0 por d | ||
| 040 |
_aBR-BrBNA _bpor _cBiblioteca Nacional de Agricultura |
||
| 072 | _aL01; U10 | ||
| 090 | _a6100 BR0803476 | ||
| 100 | 1 | _aFialho, F.B. | |
| 100 | 1 | _aLedur, M.C. | |
| 100 | 1 | _aAvila, V.S. de | |
| 110 | 1 | _aEMBRAPA Suínos e Aves, Concórdia, SC (Brasil) | |
| 245 | 1 | _aMétodo para comparar curvas de produção de ovos usando um modelo matemático | |
| 260 | 3 |
_aConcórdia, SC (Brasil): _c2001. |
|
| 300 | _a4 p. | ||
| 490 |
_aComunicado Técnico - EMBRAPA Suínos e Aves (Brazil) _vno. 293 _xISSN 0100-8862 |
||
| 650 | _aAVE DOMÉSTICA | ||
| 650 | _aOVO | ||
| 650 | _aPRODUÇÃO ANIMAL | ||
| 650 | _aMODELO MATEMÁTICO | ||
| 909 |
_a202312 _bLúcia Elande _c55 _dLúcia Elande |
||
| 942 |
_2AGRIS _n0 _cMS |
||
| 999 |
_c296122 _d296122 |
||